000 00513cam a22002171 4500
001 sa 63002100
003 DLC
005 20260227111932.0
008 891031s1962 ii 000 0 hino
010 _asa 63002100
035 _a(OCoLC)20578004
040 _aDLC
_cWaU
_dDLC
042 _apremarc
050 0 0 _aPK2032
_b.B48
100 1 _aBhushan, Bharat,
_d1949-
245 1 0 _aSāhityika nibandha.
260 _c[1962]
300 _a275 p.
_c23 cm.
500 _aIn Hindi.
650 0 _aHindi literature.
999 _c54319
_d54319